|
|
|
|
| LEADER |
00889ncm a22002412a 4500 |
| 001 |
001192912 |
| 003 |
CZ BrMZK |
| 005 |
20120214141458.0 |
| 007 |
qu |
| 008 |
120206s1986 xr |||||||||||||||||zxx d |
| 040 |
|
|
|a BOA001
|b cze
|
| 072 |
|
7 |
|a 785
|x Instrumentální hudba. Symfonická hudba. Hudba pro více nástrojů
|2 Konspekt
|9 9
|
| 100 |
1 |
|
|a Feld, Jindřich,
|d 1925-2007
|7 jn19990209179
|4 cmp
|
| 245 |
1 |
0 |
|a 2. symfonie pro velký orchestr
|h [hudebnina] :
|b (1983) : partitura /
|c Jindřich Feld ; úvodní text Juraj Filas
|
| 246 |
3 |
4 |
|a Sinfonia 2 per orchestra
|
| 250 |
|
|
|a 1. vyd.
|
| 260 |
|
|
|a Praha :
|b Supraphon,
|c 1986
|
| 300 |
|
|
|a 1 paritrura (4, 81 s.)
|
| 700 |
1 |
|
|a Filas, Juraj,
|d 1955-2021
|7 jn19981001118
|4 wfw
|
| 910 |
|
|
|a BOA001
|b Mus4-0917.150
|
| 990 |
|
|
|a MU
|
| 991 |
|
|
|b 201202
|
| 996 |
6 |
|
|b 2619053877
|c Mus4-0917.150
|l MZK
|r Sklad / do 1 hodiny
|n 0
|w 001226374
|u 000010
|a 1
|e BOA001
|j MZK50
|s P
|